شيخ المجاهدين : عز الدين القسام / (رقم التسجيلة. 127476)
[ عرض عادي ]
| 000 -LEADER | |
|---|---|
| fixed length control field | 00777nam a22002297a 4500 |
| 005 - DATE AND TIME OF LATEST TRANSACTION | |
| control field | 20251108175144.0 |
| 008 - FIXED-LENGTH DATA ELEMENTS--GENERAL INFORMATION | |
| fixed length control field | 250721s2013 xx 000 0 ara d |
| 082 14 - DEWEY DECIMAL CLASSIFICATION NUMBER | |
| Classification number | ط/ق/لحا |
| 100 1# - MAIN ENTRY--PERSONAL NAME | |
| Personal name | اللحام، إيمان |
| 245 10 - TITLE STATEMENT | |
| Title | شيخ المجاهدين : عز الدين القسام / |
| 264 1# - PRODUCTION, PUBLICATION, DISTRIBUTION, MANUFACTURE, AND COPYRIGHT NOTICE | |
| Place of production, publication, distribution, manufacture | عمان : |
| Name of producer, publisher, distributor, manufacturer | دار الإتقان ناشرون و موزعون، |
| Date of production, publication, distribution, manufacture, or copyright notice | 2013. |
| 300 ## - PHYSICAL DESCRIPTION | |
| Extent | 16 ص.مص. |
| 490 0# - SERIES STATEMENT | |
| Series statement | فلسطين و القدس أرض الأنبياء |
| Volume/sequential designation | 9 |
| 650 17 - SUBJECT ADDED ENTRY--TOPICAL TERM | |
| Topical term or geographic name as entry element | القصص العربية |
| 650 17 - SUBJECT ADDED ENTRY--TOPICAL TERM | |
| Topical term or geographic name as entry element | أدب الأطفال |
| 650 17 - SUBJECT ADDED ENTRY--TOPICAL TERM | |
| Topical term or geographic name as entry element | فلسطين |
| 650 17 - SUBJECT ADDED ENTRY--TOPICAL TERM | |
| Topical term or geographic name as entry element | الشهداء |
| 650 17 - SUBJECT ADDED ENTRY--TOPICAL TERM | |
| Topical term or geographic name as entry element | القادة الدينيون |
| 653 ## - INDEX TERM--UNCONTROLLED | |
| Uncontrolled term | أطفال مرحلة متوسطة ( 6 - 9 سنوات ) |
| 942 ## - ADDED ENTRY ELEMENTS (KOHA) | |
| Source of classification or shelving scheme | Dewey Decimal Classification |
| Koha item type | كتب |
| حالة السحب | حالة الفقدان | مصدر التصنيف | حالة التلف | غير قابل للإعارة | المكتبة الرئيسية | المكتبة الحالية | موقع الرف | تاريخ التزويد | الرقم المتسلسل | Total Checkouts | رقم الإستدعاء | الباركود | تاريخ آخر ظهور | تاريخ الفاتورة | نوع المادة (كوها) |
|---|---|---|---|---|---|---|---|---|---|---|---|---|---|---|---|
| Dewey Decimal Classification | المكتبة المركزية | المكتبة المركزية | الأطفال | 28/07/2025 | 1552970 | ط/ق/لحا | PLD00271444 | 28/07/2025 | 28/07/2025 | كتب | |||||
| Dewey Decimal Classification | مكتبة قتيبة للأطفال | مكتبة قتيبة للأطفال | الأطفال | 26/05/2013 | 1552994 | ط/ق/لحا | PLD00271510 | 28/07/2025 | 26/05/2013 | كتب | |||||
| Dewey Decimal Classification | مكتبة أم المؤمنين للأطفال | مكتبة أم المؤمنين للأطفال | الأطفال | 26/05/2013 | 1553054 | ط/ق/لحا | PLD00271515 | 28/07/2025 | 26/05/2013 | كتب | |||||
| Dewey Decimal Classification | مكتبة البيادر | مكتبة البيادر | الأطفال | 26/05/2013 | 1553018 | ط/ق/لحا | PLD00271512 | 28/07/2025 | 26/05/2013 | كتب | |||||
| Dewey Decimal Classification | مكتبة الراية الهاشمية للأطفال | مكتبة الراية الهاشمية للأطفال | الأطفال | 26/05/2013 | 1553006 | ط/ق/لحا | PLD00271511 | 28/07/2025 | 26/05/2013 | كتب | |||||
| Dewey Decimal Classification | مكتبة الياسمين للأطفال | مكتبة الياسمين للأطفال | الأطفال | 26/05/2013 | 1553042 | ط/ق/لحا | PLD00271514 | 28/07/2025 | 26/05/2013 | كتب | |||||
| Dewey Decimal Classification | مكتبة بدر الجديدة للأطفال | مكتبة بدر الجديدة للأطفال | الأطفال | 26/05/2013 | 1553078 | ط/ق/لحا | PLD00271517 | 28/07/2025 | 26/05/2013 | كتب | |||||
| Dewey Decimal Classification | مكتبة بدر للأطفال | مكتبة بدر للأطفال | الأطفال | 26/05/2013 | 1553066 | ط/ق/لحا | PLD00271516 | 28/07/2025 | 26/05/2013 | كتب |